000 00415nam a2200169Ia 4500
005 20250423100624.0
008 250422s9999 xx 000 0 und d
020 _a978555865-4
050 _aKP 64 .G9/
100 _aGyoh,Shima (prof)
245 0 _aPrinciples of Clinical Ethics and Legal Dimensions in Nigeria.
260 _aLagos
260 _bLaw breed
260 _c2017
300 _a557 p
942 _cBK
999 _c33856
_d33856